| 000 | 00702nam a22002297a 4500 | ||
|---|---|---|---|
| 010 | _a946559 | ||
| 020 | _c165.00 | ||
| 035 | _a946559 | ||
| 037 | _bCen Lib / Ret | ||
| 040 |
_aDPL _bEN |
||
| 082 |
_a329.954 _bENC |
||
| 245 |
_aThe encyclopaedia of Indian National Congress : _bin search of a creed / _cedited by A. M. Zaidi |
||
| 260 |
_aNew Delhi _bS. Chand & Co _c1979 |
||
| 270 |
_aRamnagar _bNew Delhi _e110055 |
||
| 300 |
_a(v 6. 734p) _c27cm(Hb) |
||
| 505 | _av 6. 1911-1915 | ||
| 650 | _aIndian National Congress. | ||
| 650 | _aIndia -- Politics and government. | ||
| 650 | _aPolitics and government | ||
| 700 | _aZaidi, A. M. | ||
| 942 |
_2ddc _cEN _h329.954 _mENC |
||
| 999 |
_c136858 _d136858 |
||